[Event "BL2-West 1314"]
[Site "Germany"]
[Date "2013.11.24"]
[Round "3.8"]
[White "Wegener, Olaf"]
[Black "Andersen, Hans Christoph"]
[Result "1-0"]
[WhiteElo "2428"]
[BlackElo "2220"]
[PlyCount "117"]
[EventDate "2013.10.13"]
[EventType "team-tourn"]
[EventRounds "9"]
[EventCountry "GER"]
[SourceTitle "EXT 2015"]
[Source "ChessBase"]
[SourceDate "2014.11.20"]
[SourceVersion "1"]
[SourceVersionDate "2014.11.20"]
[SourceQuality "1"]
[WhiteTeam "Dortmund Hansa"]
[BlackTeam "Godesberg"]
[WhiteTeamCountry "GER"]
[BlackTeamCountry "GER"]

1. e4 c6 2. d4 d5 3. Nc3 dxe4 4. Nxe4 Bf5 5. Ng3 Bg6 6. h4 h6 7. Nf3 Nd7 8. h5 Bh7 9. Bd3 Bxd3 10. Qxd3 e6 11. Bd2 Ngf6 12. 0-0-0 Be7 13. Kb1 0-0 14. Ne4 Nxe4 15. Qxe4 Nf6 16. Qe2 Qd5 17. Be3 Rfd8 18. Ne5 c5 19. f3 cxd4 20. Bxd4 Qa5 21. g4 Nd5 22. Qe4 Bc5 23. Nxf7 Bxd4 24. Nxh6+ gxh6 25. Qxe6+ Kg7 26. Qg6+ Kf8 27. Rxd4 Qb6 28. Qf5+ Nf6 29. Rf4 Rd6 30. Qh7 Rad8 31. Qxh6+ Kg8 32. Qg5+ Kh7 33. Rc1 Qe3 34. b3 Qe7 35. Qf5+ Kh8 36. c4 Nh7 37. Re4 Qg5 38. Qf7 Rf6 39. Qxb7 Rdf8 40. Re7 Qh6 41. Qxa7 Rxf3 42. Qd4+ Nf6 43. c5 Rf4 44. Qb2 Kg8 45. c6 Nd5 46. Rd7 Nf6 47. Re7 Nd5 48. Rd7 Nf6 49. Rd6 Qh7+ 50. Qc2 Qe7 51. Qg6+ Kh8 52. Qh6+ Nh7 53. Qe6 Qxe6 54. Rxe6 Ng5 55. Rh6+ Nh7 56. g5 Kg7 57. Rd6 Rc8 58. h6+ Kh8 59. g6 1-0

[Event "AUT-chT2W 1314"]
[Site "Austria"]
[Date "2013.10.19"]
[Round "2.1"]
[White "Wegener, Olaf"]
[Black "Breder, Dennis"]
[Result "1/2-1/2"]
[WhiteElo "2434"]
[BlackElo "2465"]
[PlyCount "42"]
[EventDate "2013.10.18"]
[EventType "team-tourn"]
[EventRounds "11"]
[EventCountry "AUT"]
[SourceTitle "EXT 2014"]
[Source "ChessBase"]
[SourceDate "2013.11.20"]
[SourceVersion "1"]
[SourceVersionDate "2013.11.20"]
[SourceQuality "1"]
[WhiteTeam "Rum Rochade"]
[BlackTeam "Hohenems II"]
[WhiteTeamCountry "AUT"]
[BlackTeamCountry "AUT"]

1. e4 e6 2. d4 d5 3. Nd2 c5 4. Ngf3 cxd4 5. Nxd4 Nc6 6. Bb5 Bd7 7. Nxc6 Bxc6 8. Bxc6+ bxc6 9. c4 Qa5 10. Qb3 Rd8 11. 0-0 Nf6 12. cxd5 cxd5 13. exd5 Nxd5 14. Nc4 Qa6 15. Rd1 Be7 16. Ne3 Nf4 17. Rxd8+ Bxd8 18. Bd2 0-0 19. Qc4 Qxc4 20. Nxc4 Nd5 21. Rc1 Bf6 1/2-1/2

[Event "BL2-West 1213"]
[Site "Germany"]
[Date "2013.03.17"]
[Round "8.2"]
[White "Wegener, Olaf"]
[Black "Bok, Benjamin"]
[Result "1/2-1/2"]
[WhiteElo "2423"]
[BlackElo "2530"]
[PlyCount "86"]
[EventDate "2012.10.14"]
[EventType "team-tourn"]
[EventRounds "9"]
[EventCountry "GER"]
[SourceTitle "CBM 154 Extra"]
[Source "ChessBase"]
[SourceDate "2013.06.25"]
[SourceVersion "2"]
[SourceVersionDate "2013.06.25"]
[SourceQuality "1"]
[WhiteTeam "Dortmund Hansa"]
[BlackTeam "Aachen Aufwaerts"]
[WhiteTeamCountry "GER"]
[BlackTeamCountry "GER"]

1. e4 e5 2. Nf3 Nc6 3. Bb5 a6 4. Ba4 Nf6 5. 0-0 b5 6. Bb3 Bc5 7. c3 d6 8. a4 Rb8 9. d4 Bb6 10. axb5 axb5 11. Na3 0-0 12. Nxb5 Bg4 13. Bc2 Bxf3 14. gxf3 Nh5 15. f4 Nxf4 16. Bxf4 exf4 17. Qg4 Qf6 18. b4 g6 19. Kh1 Nd8 20. f3 Ne6 21. Bb3 Rfe8 22. Rfe1 Re7 23. Ra2 c6 24. Na3 c5 25. bxc5 dxc5 26. e5 Qg7 27. Bxe6 fxe6 28. Qxf4 cxd4 29. cxd4 Ra7 30. Rb1 Qd7 31. Qe3 Rbb7 32. Rd2 Ra5 33. Nc2 Ba7 34. Rbd1 Qd5 35. Ne1 Rd7 36. Nc2 Kg7 37. Kg2 Ra2 38. Nb4 Rxd2+ 39. Qxd2 Qxd4 40. Qxd4 Rxd4 41. Rxd4 Bxd4 42. Nc6 Bb6 43. Kg3 Kf7 1/2-1/2

[Event "AUT-chT2W 1213"]
[Site "Austria"]
[Date "2013.03.09"]
[Round "10.1"]
[White "Wegener, Olaf"]
[Black "Zelcic, Robert"]
[Result "1-0"]
[WhiteElo "2423"]
[BlackElo "2554"]
[PlyCount "111"]
[EventDate "2012.10.05"]
[EventType "team-tourn"]
[EventRounds "11"]
[EventCountry "AUT"]
[SourceTitle "EXT 2014"]
[Source "ChessBase"]
[SourceDate "2013.11.20"]
[SourceVersion "1"]
[SourceVersionDate "2013.11.20"]
[SourceQuality "1"]
[WhiteTeam "Rum Rochade"]
[BlackTeam "Schwarzach"]
[WhiteTeamCountry "AUT"]
[BlackTeamCountry "AUT"]

1. e4 c6 2. d4 d5 3. Nc3 dxe4 4. Nxe4 Bf5 5. Ng3 Bg6 6. h4 h6 7. Nf3 e6 8. Ne5 Bh7 9. Bd3 Bxd3 10. Qxd3 Nd7 11. f4 Ne7 12. Be3 Nd5 13. 0-0-0 Nb4 14. Qe2 Nxa2+ 15. Kb1 Nb4 16. Bd2 Nxe5 17. dxe5 Qb6 18. Bxb4 Bxb4 19. Rd3 0-0 20. Nh5 Kh8 21. Qg4 Rg8 22. f5 exf5 23. Qxf5 Rad8 24. Rb3 a5 25. Qxf7 Rdf8 26. Qg6 Qc7 27. Qe4 Qf7 28. g4 Qd5 29. Qxd5 cxd5 30. c3 Bc5 31. Rxb7 d4 32. Rb5 Rc8 33. cxd4 Bxd4 34. Rd1 Rc5 35. Rxc5 Bxc5 36. Nf4 g5 37. Ne6 Be3 38. h5 Re8 39. Rd8 Rxd8 40. Nxd8 Kg7 41. Kc2 a4 42. Kd3 Bc1 43. Kc3 Be3 44. Kb4 Bc1 45. Ka3 Kf8 46. Ne6+ Ke7 47. Nc5 Be3 48. Nd3 Ke6 49. Kxa4 Bd4 50. b4 Kd5 51. b5 Bb6 52. Kb4 Bc7 53. Kc3 Ba5+ 54. Kc2 Bc7 55. Kd2 Bd8 56. Nb4+ 1-0